[Event "Titled Tuesday intern op 21st April"]
[Site "Chess.com INT"]
[Date "2020.04.21"]
[Round "4"]
[White "Anusha, NLV"]
[Black "Gubajdullin, Alexey"]
[Result "0-1"]
[WhiteElo "2030"]
[BlackElo "2344"]
[PlyCount "106"]
[EventDate "2020.04.21"]
[EventType "swiss (blitz)"]
[EventRounds "10"]
[EventCountry "USA"]
[SourceTitle "EXT 2021"]
[Source "ChessBase"]
[SourceDate "2020.10.23"]
[SourceVersion "1"]
[SourceVersionDate "2020.10.23"]
[SourceQuality "1"]

1. d4 Nf6 2. Nf3 g6 3. Bg5 Bg7 4. Nbd2 0-0 5. c3 d6 6. e4 b6 7. Bd3 Bb7 8. 0-0 e5 9. dxe5 dxe5 10. Nxe5 h6 11. Bxf6 Qxf6 12. Ndf3 Qe7 13. Nc4 Rd8 14. Qe2 Nd7 15. Rfe1 Nc5 16. Bc2 Ba6 17. e5 Qe6 18. b3 Bb7 19. Nd4 Qe8 20. Rad1 Ne6 21. Nxe6 Qxe6 22. Be4 c6 23. f4 Ba6 24. Bd3 Bf8 25. Qf3 Qd5 26. Be4 Qc5+ 27. Kh1 Bxc4 28. bxc4 Qxc4 29. Bxc6 Rxd1 30. Rxd1 Rc8 31. Bd7 Rc7 32. Rd3 Qxa2 33. h3 Qa1+ 34. Kh2 Qe1 35. Qg3 Qxg3+ 36. Kxg3 a5 37. e6 Bc5 38. Be8 fxe6 39. Bxg6 a4 40. Rd8+ Kg7 41. Bb1 Be7 42. Ra8 b5 43. Ba2 Rxc3+ 44. Kg4 Re3 45. f5 Re4+ 46. Kf3 exf5 47. Ra5 Rb4 48. Be6 Kf6 49. Bd7 Rb3+ 50. Ke2 a3 51. Bxb5 Rb2+ 52. Kf3 Bb4 53. Bc4 Bxa5 0-1

[Event "Titled Tuesday intern op 14th April"]
[Site "Chess.com INT"]
[Date "2020.04.14"]
[Round "6"]
[White "Anusha, NLV"]
[Black "Niedbala, Bartlomiej"]
[Result "1-0"]
[WhiteElo "2030"]
[BlackElo "2379"]
[PlyCount "93"]
[EventDate "2020.04.14"]
[EventType "swiss (blitz)"]
[EventRounds "10"]
[EventCountry "USA"]
[SourceTitle "EXT 2021"]
[Source "ChessBase"]
[SourceDate "2020.10.23"]
[SourceVersion "1"]
[SourceVersionDate "2020.10.23"]
[SourceQuality "1"]

1. d4 f5 2. Nf3 Nf6 3. g3 g6 4. Bg2 Bg7 5. 0-0 0-0 6. b3 d6 7. Bb2 Ne4 8. Nbd2 Nc6 9. c4 Nxd2 10. Qxd2 e5 11. dxe5 dxe5 12. Qd5+ Kh8 13. Qxd8 Rxd8 14. Ng5 Re8 15. Bxc6 bxc6 16. Rfd1 Bf6 17. Nf3 Kg7 18. Ne1 e4 19. Bxf6+ Kxf6 20. Nc2 a5 21. Rd2 a4 22. b4 Be6 23. Nd4 Red8 24. a3 Bxc4 25. Rc1 c5 26. Rxc4 cxd4 27. Rcxd4 Rxd4 28. Rxd4 Ke6 29. f3 exf3 30. exf3 Ra6 31. Rc4 Kd6 32. Kf2 Rc6 33. Rxc6+ Kxc6 34. Ke3 Kd5 35. Kd3 c6 36. f4 h6 37. h3 h5 38. h4 c5 39. b5 c4+ 40. Kc3 Kc5 41. b6 Kxb6 42. Kxc4 Ka5 43. Kc5 Ka6 44. Kb4 Kb6 45. Kxa4 Kc5 46. Kb3 Kb6 47. Kc4 1-0

[Event "Budapest FS04 Nadassy"]
[Site "Budapest"]
[Date "2019.03.31"]
[Round "2.4"]
[White "Anusha, NLV"]
[Black "Mayer, Istvan"]
[Result "1-0"]
[WhiteElo "2033"]
[BlackElo "1881"]
[PlyCount "67"]
[EventDate "2019.03.30"]
[EventType "schev"]
[EventRounds "12"]
[EventCountry "HUN"]
[SourceTitle "EXT 2020"]
[Source "ChessBase"]
[SourceDate "2019.10.17"]
[SourceVersion "1"]
[SourceVersionDate "2019.10.17"]
[SourceQuality "1"]
[WhiteTeam "B Team Lower Elo"]
[BlackTeam "A Team Higher Elo"]
[WhiteTeamCountry "HUN"]
[BlackTeamCountry "HUN"]

1. d4 d5 2. Nf3 Nf6 3. Bf4 c5 4. e3 Qb6 5. Nc3 c4 6. Rb1 Bf5 7. Be2 Nc6 8. a3 e6 9. Nh4 Be4 10. f3 Bg6 11. Nxg6 hxg6 12. Bg3 a6 13. 0-0 Nh5 14. Bf2 Qc7 15. f4 Nf6 16. Bf3 g5 17. g3 gxf4 18. exf4 Be7 19. Qe2 0-0 20. f5 exf5 21. Nxd5 Nxd5 22. Bxd5 Na5 23. Be3 Rad8 24. Rxf5 Bf6 25. c3 Rfe8 26. Qf2 Qe7 27. Re1 g6 28. Rxf6 Rxd5 29. Bd2 Qd7 30. Rf1 Re7 31. Rxg6+ fxg6 32. Qf8+ Kh7 33. Qh6+ Kg8 34. Rf8# 1-0

[Event "Aurangabad MyBrain op 1st"]
[Site "Aurangabad"]
[Date "2018.04.29"]
[Round "7"]
[White "Anusha, NLV"]
[Black "Shashikant, Kutwal"]
[Result "0-1"]
[WhiteElo "1850"]
[BlackElo "2308"]
[PlyCount "68"]
[EventDate "2018.04.28"]
[EventType "swiss (rapid)"]
[EventRounds "9"]
[EventCountry "IND"]
[SourceTitle "CBM 184 Extra"]
[Source "ChessBase"]
[SourceDate "2018.06.28"]
[SourceVersion "1"]
[SourceVersionDate "2018.06.28"]
[SourceQuality "1"]

1. Nf3 Nf6 2. d4 g6 3. Nc3 Bg7 4. e4 d6 5. Be2 0-0 6. 0-0 Nc6 7. d5 Nb8 8. Be3 c6 9. Re1 a6 10. a4 a5 11. h3 Na6 12. Nd4 Bd7 13. f4 cxd5 14. exd5 Nb4 15. Bf3 Rc8 16. Nb3 Bf5 17. Rc1 Rxc3 18. bxc3 Na2 19. Bd4 Nxc1 20. Qxc1 h5 21. Qd2 Qc7 22. Qf2 Rc8 23. Re2 Qd7 24. Nxa5 Qxa4 25. Nb3 Bxc2 26. Rxc2 Qxb3 27. Rb2 Qc4 28. Rxb7 Nxd5 29. Bxg7 Kxg7 30. Bxd5 Qxd5 31. Rxe7 Rxc3 32. Qe2 Qd4+ 33. Kh2 Qxf4+ 34. g3 Qxg3+ 0-1

[Event "Aurangabad MyBrain op 1st"]
[Site "Aurangabad"]
[Date "2018.04.28"]
[Round "4"]
[White "Sriram, Jha"]
[Black "Anusha, NLV"]
[Result "1-0"]
[WhiteElo "2394"]
[BlackElo "1850"]
[PlyCount "89"]
[EventDate "2018.04.28"]
[EventType "swiss (rapid)"]
[EventRounds "9"]
[EventCountry "IND"]
[SourceTitle "CBM 184 Extra"]
[Source "ChessBase"]
[SourceDate "2018.06.28"]
[SourceVersion "1"]
[SourceVersionDate "2018.06.28"]
[SourceQuality "1"]

1. Nf3 d5 2. g3 c6 3. Bg2 Nf6 4. 0-0 Bg4 5. d4 e6 6. h3 Bh5 7. c4 Nbd7 8. cxd5 exd5 9. Qb3 Qb6 10. Qe3+ Be7 11. Nh4 Bg6 12. Nc3 Qd8 13. Nxg6 hxg6 14. b4 0-0 15. b5 Bb4 16. bxc6 bxc6 17. Qd3 Re8 18. Bd2 Nb6 19. Rfc1 Bxc3 20. Bxc3 Nc4 21. Be1 Qe7 22. e3 Rab8 23. Rab1 Qd6 24. Rb3 Rb6 25. Bf1 Qe6 26. Qc2 Ne4 27. Bg2 Ned6 28. Bb4 Reb8 29. Bc5 Rxb3 30. axb3 Nb6 31. Ra1 Nb5 32. Bf1 Rb7 33. Ra5 Qd7 34. h4 Nd6 35. Bxd6 Qxd6 36. Rc5 Rc7 37. Bb5 Nd7 38. Rxc6 Rxc6 39. Qxc6 Qxc6 40. Bxc6 Nf6 41. f3 Kf8 42. g4 Ke7 43. g5 Nh5 44. Bxd5 Ng3 45. Be4 1-0

[Event "Visakhapatnam op"]
[Site "Visakhapatnam"]
[Date "2012.10.26"]
[Round "1"]
[White "Deviatkin, Andrei"]
[Black "Anusha, NLV"]
[Result "1-0"]
[WhiteElo "2588"]
[BlackElo "1946"]
[PlyCount "145"]
[EventDate "2012.10.26"]
[EventType "swiss"]
[EventRounds "11"]
[EventCountry "IND"]
[SourceTitle "EXT 2013"]
[Source "ChessBase"]
[SourceDate "2012.11.22"]
[SourceVersion "1"]
[SourceVersionDate "2012.11.22"]
[SourceQuality "1"]

1. f4 d5 2. Nf3 Nf6 3. e3 g6 4. b4 Bg7 5. Bb2 Bf5 6. Bd3 Bxd3 7. cxd3 c6 8. a4 Nbd7 9. 0-0 0-0 10. Nc3 a5 11. b5 c5 12. Ne2 Rc8 13. Rc1 c4 14. d4 Ne4 15. Nc3 Ndf6 16. Ba3 Nxc3 17. dxc3 Ne4 18. f5 Qd7 19. Ne5 Bxe5 20. dxe5 gxf5 21. Qh5 Qe6 22. Rxf5 Qg6 23. Bxe7 Qxh5 24. Rxh5 Rfe8 25. Bf6 Re6 26. Rh4 Nxf6 27. exf6 Rxf6 28. Rf1 Re6 29. Rf3 Rce8 30. Kf2 Kg7 31. Rg4+ Rg6 32. Rgf4 Re7 33. Rf5 Rd7 34. R3f4 Re6 35. Rg4+ Kf8 36. Rd4 Rde7 37. Rfxd5 Rxe3 38. Rxc4 Re2+ 39. Kf3 R7e3+ 40. Kf4 Re6 41. g4 Rxh2 42. Rf5 Rf2+ 43. Kg3 Rc2 44. Rc7 Re3+ 45. Kf4 Re7 46. Rfc5 Ra2 47. Rxe7 Kxe7 48. Ke5 Re2+ 49. Kd5 Rd2+ 50. Kc4 Kd6 51. Rf5 Rg2 52. Rxf7 Rxg4+ 53. Kb3 b6 54. Rb7 Kc5 55. Rc7+ Kd5 56. Rxh7 Rg6 57. Rd7+ Kc5 58. Rc7+ Kd5 59. Rd7+ Kc5 60. Rd8 Rf6 61. Kc2 Rf2+ 62. Kd3 Rf3+ 63. Ke4 Rxc3 64. Rc8+ Kb4 65. Rxc3 Kxc3 66. Kd5 Kb4 67. Kc6 Kxa4 68. Kxb6 Kb4 69. Kc6 a4 70. b6 a3 71. b7 a2 72. b8Q+ Ka3 73. Qe5 1-0

[Event "IND-chB (Women) 38th"]
[Site "Chennai"]
[Date "2011.07.02"]
[Round "1"]
[White "Anusha, NLV"]
[Black "Divya, Garg"]
[Result "1-0"]
[WhiteElo "2010"]
[BlackElo "1633"]
[PlyCount "139"]
[EventDate "2011.07.02"]
[EventType "swiss"]
[EventRounds "11"]
[EventCountry "IND"]
[SourceTitle "CBM 143 Extra"]
[Source "ChessBase"]
[SourceDate "2011.08.29"]
[SourceVersion "1"]
[SourceVersionDate "2011.08.29"]
[SourceQuality "1"]

1. Nf3 Nf6 2. c4 g6 3. Nc3 Bg7 4. e4 d6 5. d4 c6 6. Be2 0-0 7. 0-0 e5 8. Bg5 Nbd7 9. a3 exd4 10. Nxd4 Qb6 11. Be3 Qc7 12. Qd2 Nc5 13. f3 Re8 14. Rad1 Qe7 15. Nc2 d5 16. cxd5 Nb3 17. Qd3 cxd5 18. Nxd5 Nxd5 19. Qxb3 Nxe3 20. Nxe3 Qc5 21. Kh1 Bxb2 22. Qxb2 Qxe3 23. Bb5 Qb6 24. Rd2 Rd8 25. Rxd8+ Qxd8 26. Bc4 Qe7 27. Bd5 Rb8 28. Rd1 Be6 29. Bxe6 Qxe6 30. h3 a6 31. Qb4 Qc6 32. e5 Re8 33. Rd6 Qc1+ 34. Kh2 a5 35. Qxa5 Qf4+ 36. Kg1 Qe3+ 37. Kh2 Rxe5 38. Rd8+ Re8 39. Rxe8+ Qxe8 40. Qc7 Qa8 41. Qd6 Qa6 42. Qxa6 bxa6 43. Kg3 Kg7 44. Kf4 Kf6 45. h4 h6 46. Ke4 Ke6 47. a4 a5 48. Kd4 Kd6 49. Kc4 Kc6 50. g4 g5 51. h5 f6 52. Kd4 Kd6 53. Ke4 Ke6 54. f4 gxf4 55. Kxf4 Ke7 56. Kf3 Kd6 57. Kf4 Ke7 58. Ke3 Kd7 59. Kf4 Ke7 60. Ke3 Kd7 61. Kd3 Ke6 62. Ke4 f5+ 63. gxf5+ Kd6 64. Kf4 Kd5 65. f6 Ke6 66. f7 Kxf7 67. Kf5 Kg7 68. Ke6 Kg8 69. Kf6 Kh7 70. Kf7 1-0

[Event "Commonwealth-ch"]
[Site "New Delhi"]
[Date "2007.12.09"]
[Round "9"]
[White "Anusha, NLV"]
[Black "Padmini, Rout"]
[Result "0-1"]
[WhiteElo "1843"]
[BlackElo "2226"]
[PlyCount "162"]
[EventDate "2007.12.03"]
[EventType "swiss"]
[EventRounds "10"]
[EventCountry "IND"]
[SourceTitle "CBM 121 Extra"]
[Source "ChessBase"]
[SourceDate "2008.01.10"]
[SourceVersion "1"]
[SourceVersionDate "2008.01.10"]
[SourceQuality "1"]

1. Nf3 Nf6 2. c4 c5 3. Nc3 g6 4. e4 d6 5. d4 cxd4 6. Nxd4 Bg7 7. Be2 0-0 8. 0-0 Nc6 9. Be3 a6 10. Rc1 Bd7 11. f3 Rc8 12. Qd2 h5 13. Nd5 e6 14. Nxc6 Bxc6 15. Bb6 Qd7 16. Nxf6+ Bxf6 17. Rfd1 Rfe8 18. b3 Be7 19. Bd4 Bf8 20. Bf6 e5 21. Bd3 Re6 22. Bg5 Qe8 23. Re1 f6 24. Be3 Kh7 25. Qf2 g5 26. Qg3 Rc7 27. c5 dxc5 28. Bc4 Rd6 29. Bxc5 Rd2 30. Be3 Rxa2 31. Rcd1 Rd7 32. Qh3 Kh6 33. Be6 Rd6 34. Rxd6 Bxd6 35. Qf5 Qg6 36. Qh3 Qg7 37. Rd1 Qe7 38. Bg4 Be8 39. Be6 Bc5 40. Bxc5 Qxc5+ 41. Kh1 Qd4 42. Rg1 Rd2 43. g3 Kg7 44. Bd5 Qf2 45. Rf1 Qb6 46. Qc8 Qb5 47. Qc7+ Bd7 48. Bc4 Qb4 49. Qb8 Qf8 50. Qxb7 h4 51. gxh4 a5 52. hxg5 fxg5 53. Qb6 Qf4 54. Qg1 Bg4 55. Qg3 Bd7 56. Qxf4 gxf4 57. Kg1 Bh3 58. Ra1 Rg2+ 59. Kh1 Rd2 60. Kg1 Rg2+ 61. Kh1 Rf2 62. Rxa5 Rxf3 63. Rxe5 Rf2 64. Rh5 Rf3 65. Rg5+ Kf6 66. Rh5 Rc3 67. Kg1 Bg4 68. Ra5 f3 69. Ra2 Ke5 70. Bd5 Rc1+ 71. Kf2 Rh1 72. Ke3 Re1+ 73. Kf2 Rc1 74. Ke3 Rc3+ 75. Kf2 Kf4 76. b4 Rc1 77. b5 Rh1 78. b6 Rxh2+ 79. Kg1 Rxa2 80. Bxa2 Kg3 81. Bc4 f2+ 0-1

[Event "Wch U14 Girls"]
[Site "Kemer"]
[Date "2007.11.26"]
[Round "9"]
[White "Endress, Anna"]
[Black "Anusha, NLV"]
[Result "0-1"]
[WhiteElo "2045"]
[BlackElo "2010"]
[PlyCount "128"]
[EventDate "2007.11.18"]
[EventType "swiss"]
[EventRounds "11"]
[EventCountry "TUR"]
[SourceTitle "CBM 121 Extra"]
[Source "ChessBase"]
[SourceDate "2008.01.10"]
[SourceVersion "1"]
[SourceVersionDate "2008.01.10"]
[SourceQuality "1"]

1. e4 c5 2. Nc3 d6 3. g3 g6 4. Bg2 Bg7 5. d3 Nc6 6. Be3 e6 7. Qd2 Nge7 8. Bh6 0-0 9. h4 f6 10. Bxg7 Kxg7 11. h5 g5 12. h6+ Kh8 13. f4 g4 14. Nge2 Nd4 15. Nd1 Rg8 16. c3 Nf3+ 17. Bxf3 gxf3 18. Ng1 Rxg3 19. Ne3 Qf8 20. 0-0-0 Bd7 21. Qh2 Rg6 22. Nxf3 Qf7 23. Nc4 Nc8 24. Qh5 Qe8 25. f5 Rg8 26. Qh4 Qe7 27. Rdg1 b5 28. Rxg8+ Kxg8 29. Rg1+ Kh8 30. Rg7 Qf8 31. Rxd7 bxc4 32. fxe6 Ne7 33. Qg3 Qxh6+ 34. Kc2 Rg8 35. Qh2 Qe3 36. Ne1 cxd3+ 37. Nxd3 Qxe4 38. Rxe7 Rg2+ 39. Qxg2 Qxg2+ 40. Kd1 Qe4 41. Kd2 h5 42. b4 c4 43. Nf2 Qf4+ 44. Ke1 h4 45. Re8+ Kg7 46. a4 h3 47. a5 h2 48. a6 Qxf2+ 49. Kxf2 h1Q 50. Re7+ Kf8 51. Rxa7 Qh4+ 52. Kf3 Qh3+ 53. Kf2 Qxe6 54. Rh7 Qf5+ 55. Ke2 Qc2+ 56. Kf1 Qb1+ 57. Ke2 Qa2+ 58. Ke3 Qxa6 59. Re7 Qb6+ 60. Ke2 d5 61. Kf3 d4 62. cxd4 Qxd4 63. b5 Qd5+ 64. Kg4 Qxb5 0-1